000
00255nam a2200097Ia 4500
001
684973
005
20250826161508.0
008
250824s9999 xx 000 0 und d
245
0
_a
BİR VARMIŞ BİR YOKMUŞ/A.KULİN/EVEREST
_c
AYŞE KULİN
260
_b
EVEREST
999
_c
684973
_d
684973